A-Z Spelling Test - Statistics

General Stats
  • This quiz has been taken 108 times
  • The average score is 20 of 26
Answer Stats
Question Answer % Correct
P Parallel
100%
F Flummox
91%
N Necessary
91%
Q Quadrilateral
91%
T Tyranny
91%
V Vengeance
91%
W Wednesday
91%
X Xerox
91%
C Camouflage
82%
D Daiquiri
82%
E Embarrass
82%
G Government
82%
L Liaison
82%
Z Zucchini
82%
B Bureaucracy
73%
J Jewelry
73%
K Kaleidoscope
73%
M Millennium
73%
R Restaurant
73%
S Separate
73%
A Accommodate
64%
H Hierarchy
64%
O Occurrence
55%
U Ubiquitous
55%
I Inoculate
45%
Y Yunx
9%
No matching quizzes found
Score Distribution
Percent of People with Each Score
Percentile by Number Answered
Your Score History
You have not taken this quiz